| 000 | 00432nam a2200181Ia 4500 | ||
|---|---|---|---|
| 005 | 20250423100015.0 | ||
| 008 | 250422s9999 xx 000 0 und d | ||
| 020 | _a0750640820 | ||
| 050 | _aTH 7703 .P45/ | ||
| 100 | _aDerek Phillips | ||
| 245 | 0 | _aLighting modern buildings | |
| 260 | _aOxford ; Boston | ||
| 260 | _bArchitectural Press | ||
| 260 | _c2020 | ||
| 300 | _a234 p | ||
| 650 | _aInterior lighting. | ||
| 942 | _cBK | ||
| 999 |
_c32007 _d32007 |
||